[Event "BPB Limburg open B"]
[Site "Maastricht"]
[Date "2014.06.08"]
[Round "4"]
[White "Tamminga, Meile"]
[Black "Van Hoorn, Geert"]
[Result "0-1"]
[WhiteElo "1800"]
[BlackElo "1695"]
[PlyCount "106"]
[EventDate "2014.06.06"]
[EventType "swiss"]
[EventRounds "7"]
[EventCountry "NED"]
[Source "P.Boonen"]
[SourceDate "2014.10.10"]

1. e4 c5 2. c3 g6 3. d4 cxd4 4. cxd4 Bg7 5. Bc4 Nc6 6. Be3 d6 7. Nc3 Nf6 8. f3
O-O 9. Nge2 Be6 10. Bxe6 fxe6 11. Nf4 Qd7 12. Qb3 d5 13. e5 Na5 14. Qb5 Nc4 15.
Bc1 Qc8 16. Nfe2 Ne8 17. O-O a6 18. Qb3 Bh8 19. Qd1 Ng7 20. b3 Na5 21. Qd3 Nf5
22. g4 Nxd4 23. Nxd4 Bxe5 24. Be3 Qc5 25. Rac1 Qd6 26. Rc2 Rac8 27. Qd2 Nc6 28.
Nxc6 Rxc6 29. f4 Bg7 30. Bd4 Bxd4+ 31. Qxd4 Qc5 32. Qxc5 Rxc5 33. Rfc1 Rfc8 34.
Kf2 d4 35. Kf3 Rxc3+ 36. Rxc3 Rxc3+ 37. Rxc3 dxc3 38. Ke3 c2 39. Kd2 c1=Q+ 40.
Kxc1 e5 41. fxe5 Kf7 42. Kc2 Ke6 43. Kd3 Kxe5 44. h3 g5 45. a3 Kd5 46. Ke3 b5
47. Kd3 a5 48. Kc3 e5 49. Kd3 b4 50. a4 e4+ 51. Ke3 Ke5 52. Kf2 Kf4 53. Ke2 e3
0-1

[Event "BPB Limburg open B"]
[Site "Maastricht"]
[Date "2014.06.08"]
[Round "4"]
[White "Van 't Hoff, Kees"]
[Black "Marechal, Georges"]
[Result "1-0"]
[WhiteElo "1793"]
[BlackElo "1755"]
[PlyCount "55"]
[EventDate "2014.06.06"]
[EventType "swiss"]
[EventRounds "7"]
[EventCountry "NED"]
[Source "P.Boonen"]
[SourceDate "2014.10.10"]

1. d4 d5 2. c4 c6 3. Nf3 Nf6 4. Nc3 dxc4 5. e4 b5 6. Ne5 Bb7 7. Bg5 e6 8. f3
Bb4 9. Be2 Bxc3+ 10. bxc3 Qa5 11. Bd2 Nbd7 12. a4 Qc7 13. Nxd7 Nxd7 14. O-O O-O
15. e5 a6 16. Qe1 Rfd8 17. Qg3 Nf8 18. Bg5 Rd7 19. f4 c5 20. f5 cxd4 21. Bf6 g6
22. Qh4 exf5 23. Qh6 Ne6 24. Rf4 g5 25. Rxf5 Be4 26. Rxg5+ Bg6 27. Bg4 dxc3 28.
Rxg6+ 1-0

[Event "BPB Limburg open B"]
[Site "Maastricht"]
[Date "2014.06.08"]
[Round "4"]
[White "Van Doorn, Hans"]
[Black "Van Zwet, Matthias"]
[Result "1-0"]
[WhiteElo "1928"]
[BlackElo "1806"]
[PlyCount "41"]
[EventDate "2014.06.06"]
[EventType "swiss"]
[EventRounds "7"]
[EventCountry "NED"]
[Source "P.Boonen"]
[SourceDate "2014.10.10"]

1. d4 g6 2. c4 Bg7 3. e4 d6 4. Nc3 Nc6 5. Nge2 e5 6. d5 Nce7 7. Ng3 h5 8. Bd3
h4 9. Nf1 Bh6 10. Ne3 Nf6 11. Be2 Neg8 12. Bd2 Kf8 13. Nc2 Kg7 14. Bxh6+ Nxh6
15. Qd2 Bd7 16. O-O-O a6 17. f4 exf4 18. Qxf4 Nh7 19. g3 h3 20. Rhf1 Qg5 21.
Rd2 {.....} 1-0

[Event "BPB Limburg open B"]
[Site "Maastricht"]
[Date "2014.06.08"]
[Round "4"]
[White "Van Hoorn, Frank"]
[Black "Mertens, Andreas"]
[Result "1-0"]
[WhiteElo "1665"]
[BlackElo "1983"]
[PlyCount "79"]
[EventDate "2014.06.06"]
[EventType "swiss"]
[EventRounds "7"]
[EventCountry "NED"]
[Source "P.Boonen"]
[SourceDate "2014.10.10"]

1. e4 g6 2. d4 Bg7 3. Be3 c6 4. Bd3 d5 5. e5 c5 6. c3 Nc6 7. Ne2 h5 8. Nf4 Bg4
9. f3 Bf5 10. Bxf5 gxf5 11. e6 c4 12. Qc2 Nh6 13. Nxh5 Kf8 14. Nf4 Qd6 15. Nd2
Nd8 16. exf7 e5 17. dxe5 Bxe5 18. g3 Ndxf7 19. O-O-O Qa6 20. Bc5+ Kg7 21. Nxd5
Qc6 22. Ne7 Qxc5 23. Nxf5+ Kf8 24. Nh4 Rg8 25. Rhe1 Kg7 26. Qg6+ Kh8 27. Qe4 b5
28. Ng6+ Rxg6 29. Qxa8+ Kg7 30. Ne4 Qc7 31. f4 Bxf4+ 32. gxf4 Qxf4+ 33. Kb1
Qxh2 34. Qxa7 Rg2 35. Rg1 Ng4 36. Rxg2 Qxg2 37. Nd6 Qf3 38. Qxf7+ Qxf7 39. Nxf7
Kxf7 40. Rd5 1-0

[Event "BPB Limburg open B"]
[Site "Maastricht"]
[Date "2014.06.08"]
[Round "4"]
[White "Van den Berg, Jaap"]
[Black "Verhoef, Pieter"]
[Result "0-1"]
[WhiteElo "1879"]
[BlackElo "1893"]
[PlyCount "114"]
[EventDate "2014.06.06"]
[EventType "swiss"]
[EventRounds "7"]
[EventCountry "NED"]
[Source "P.Boonen"]
[SourceDate "2014.10.10"]

1. e4 e5 2. Nf3 Nf6 3. Nc3 Bb4 4. d3 d5 5. exd5 Nxd5 6. Bd2 O-O 7. Ne4 Bxd2+ 8.
Qxd2 Nc6 9. O-O-O Bf5 10. h3 Bxe4 11. dxe4 Nf6 12. Bd3 Qe7 13. g4 Qe6 14. Kb1
a5 15. Ng5 Qe7 16. f4 exf4 17. Qxf4 Qe5 18. Qe3 Nb4 19. a3 Nxd3 20. cxd3 b5 21.
d4 Qe7 22. Rhg1 h6 23. Nf3 Qxe4+ 24. Qxe4 Nxe4 25. Rc1 Rac8 26. Ne5 a4 27. Nc6
Rce8 28. Ne5 f6 29. Nc6 Nd2+ 30. Kc2 Re2 31. Rce1 Rfe8 32. Rxe2 Rxe2 33. Kd3
Rh2 34. Re1 Nc4 35. Re8+ Kh7 36. Re7 Rxh3+ 37. Kc2 Rh2+ 38. Kc3 Rxb2 39. Rxc7
Rb3+ 40. Kc2 Nxa3+ 41. Kc1 Nc4 42. d5 Rc3+ 43. Kb1 Ne5 44. Kb2 Rb3+ 45. Kc2
Nxc6 46. Rxc6 Kg6 47. d6 Kf7 48. Rc7+ Ke6 49. d7 Ke7 50. d8=Q+ Kxd8 51. Rxg7
Ke8 52. Rg6 Kf7 53. Rxh6 Kg7 54. Rh5 Kg6 55. Rc5 Rb4 56. Rd5 a3 57. Kc3 a2 0-1

[Event "BPB Limburg open B"]
[Site "Maastricht"]
[Date "2014.06.08"]
[Round "4"]
[White "Vandenbroucke, Tim"]
[Black "Geboers, Jimmy"]
[Result "1-0"]
[WhiteElo "1878"]
[BlackElo "1907"]
[PlyCount "81"]
[EventDate "2014.06.06"]
[EventType "swiss"]
[EventRounds "7"]
[EventCountry "NED"]
[Source "P.Boonen"]
[SourceDate "2014.10.10"]

1. e4 e6 2. d4 d5 3. Nc3 Nf6 4. e5 Nfd7 5. Nf3 c5 6. dxc5 Nc6 7. Bf4 Nxc5 8.
Bd3 Be7 9. O-O O-O 10. Re1 b6 11. a4 Ba6 12. Bb5 Qc8 13. Bg5 Bxg5 14. Nxg5 Bxb5
15. Nxb5 h6 16. Nf3 Nb7 17. Ra3 a6 18. Nbd4 Nba5 19. Rc3 Qd7 20. Nxc6 Nxc6 21.
Nd4 Rfc8 22. Ree3 Rc7 23. Rxc6 Rxc6 24. Nxc6 Qxc6 25. c3 b5 26. Rg3 bxa4 27.
Qg4 g6 28. Qf4 Qc4 29. Qxh6 Qe4 30. h4 Qxe5 31. h5 Qg7 32. Qf4 a3 33. bxa3 Rc8
34. hxg6 fxg6 35. Qg4 Rxc3 36. Qxe6+ Kf8 37. Rxg6 Rc1+ 38. Kh2 Qc7+ 39. g3 Qh7+
40. Rh6 Qb1 41. Rf6+ 1-0

[Event "BPB Limburg open B"]
[Site "Maastricht"]
[Date "2014.06.08"]
[Round "4"]
[White "Vanhuyse, Nele"]
[Black "Bondarchuk, Vadim"]
[Result "1/2-1/2"]
[WhiteElo "1940"]
[BlackElo "2039"]
[PlyCount "97"]
[EventDate "2014.06.06"]
[EventType "swiss"]
[EventRounds "7"]
[EventCountry "NED"]
[Source "P.Boonen"]
[SourceDate "2014.10.10"]

1. e4 e5 2. Nf3 Nf6 3. d4 Nxe4 4. Bd3 d5 5. dxe5 Bb4+ 6. c3 Be7 7. Bxe4 dxe4 8.
Qa4+ Bd7 9. Qxe4 Bc6 10. Qe2 Qd5 11. c4 Qa5+ 12. Nc3 Nd7 13. O-O O-O-O 14. e6
fxe6 15. Nd4 Qb6 16. Nxe6 Rde8 17. Nd5 Bxd5 18. cxd5 Bd6 19. Be3 Qa5 20. Rfd1
Nf6 21. Qc4 Kb8 22. Rd3 Re7 23. Rad1 Rhe8 24. g3 Nd7 25. Bd2 Ne5 26. Bxa5 Nxc4
27. Bc3 g6 28. Kg2 a6 29. Rd4 Nb6 30. Nf4 Rf7 31. h4 Ref8 32. Nh3 Bc5 33. Rf4
Rf5 34. Rxf5 Rxf5 35. Nf4 Bd6 36. Kf3 Bxf4 37. gxf4 Rxd5 38. Rxd5 Nxd5 39. Be5
Ne7 40. Kg4 Kc8 41. h5 Kd7 42. hxg6 Nxg6 43. Bc3 Ke7 44. f5 Nf8 45. Kg5 Kf7 46.
a4 Nd7 47. f3 Nb6 48. b3 Nd7 49. a5 {.....} 1/2-1/2

[Event "BPB Limburg open B"]
[Site "Maastricht"]
[Date "2014.06.08"]
[Round "4"]
[White "Westerweele, Henrik"]
[Black "Frijling, Jeroen"]
[Result "0-1"]
[WhiteElo "1960"]
[BlackElo "1835"]
[PlyCount "132"]
[EventDate "2014.06.06"]
[EventType "swiss"]
[EventRounds "7"]
[EventCountry "NED"]
[Source "P.Boonen"]
[SourceDate "2014.10.10"]

1. e4 c5 2. c3 d5 3. exd5 Qxd5 4. d4 Nf6 5. Nf3 Bg4 6. Be2 e6 7. Be3 cxd4 8.
cxd4 Nc6 9. Nc3 Bb4 10. a3 Bxc3+ 11. bxc3 O-O 12. O-O Rfd8 13. h3 Bh5 14. Rb1
b6 15. Rb5 Qa2 16. Bg5 Ne4 17. Bxd8 Nxc3 18. Bc4 Qxc4 19. Qb3 Ne2+ 20. Kh2 Qxb3
21. Rxb3 Rxd8 22. g4 Ncxd4 23. Nxd4 Nxd4 24. Rc3 Bg6 25. Rc7 Nb5 26. Rd1 Re8
27. Rcd7 Nxa3 28. Rxa7 Nb5 29. Re7 Rf8 30. Rb7 Nc3 31. Ra1 Nd5 32. f3 Bd3 33.
Kg3 b5 34. Raa7 b4 35. g5 Bc2 36. h4 b3 37. h5 Nc3 38. g6 hxg6 39. hxg6 Nd1 40.
gxf7+ Kh7 41. Ra4 b2 42. Rab4 b1=Q 43. Rxb1 Bxb1 44. Rxb1 Ne3 45. Kf4 Nc4 46.
Re1 Rxf7+ 47. Kg3 Rf6 48. Re4 Nd2 49. Rh4+ Kg8 50. f4 Ne4+ 51. Kf3 Nd6 52. Rh5
Rf5 53. Rh1 e5 54. Rd1 Rxf4+ 55. Ke3 Nc4+ 56. Ke2 g5 57. Rd7 g4 58. Rd3 Kf7 59.
Rd7+ Kf6 60. Rd8 Kf5 61. Rf8+ Ke4 62. Re8 Nd6 63. Rd8 Nf5 64. Rg8 g3 65. Ra8
Nd4+ 66. Ke1 g2 0-1

[Event "BPB Limburg open B"]
[Site "Maastricht"]
[Date "2014.06.08"]
[Round "4"]
[White "Willockx, Ritsaart"]
[Black "Leontiev, Oleg"]
[Result "1/2-1/2"]
[WhiteElo "1952"]
[BlackElo "1896"]
[PlyCount "34"]
[EventDate "2014.06.06"]
[EventType "swiss"]
[EventRounds "7"]
[EventCountry "NED"]
[Source "P.Boonen"]
[SourceDate "2014.10.10"]

1. d4 d5 2. Nf3 Nf6 3. Bf4 c5 4. c3 Qb6 5. Qb3 c4 6. Qxb6 axb6 7. e3 Nc6 8. Be2
Bg4 9. Nbd2 e6 10. h3 Bh5 11. Ne5 Bxe2 12. Kxe2 Nd7 13. Nef3 b5 14. a3 Nb6 15.
Rhe1 Na4 16. Reb1 Be7 17. Kd1 Kd7 1/2-1/2

[Event "BPB Limburg open B"]
[Site "Maastricht"]
[Date "2014.06.08"]
[Round "4"]
[White "Wlogalski, Olivier"]
[Black "Ucaroglu Melih, Furkan"]
[Result "1/2-1/2"]
[WhiteElo "1896"]
[BlackElo "1738"]
[PlyCount "122"]
[EventDate "2014.06.06"]
[EventType "swiss"]
[EventRounds "7"]
[EventCountry "NED"]
[Source "P.Boonen"]
[SourceDate "2014.10.10"]

1. d4 Nf6 2. c4 e6 3. Nf3 d5 4. g3 Be7 5. Bg2 O-O 6. O-O c6 7. Nbd2 Nbd7 8. b3
c5 9. Bb2 Rb8 10. Qc2 b6 11. cxd5 Nxd5 12. Rac1 Bb7 13. Rfd1 Ba6 14. Nc4 cxd4
15. Nxd4 Rc8 16. Qb1 Bc5 17. Qa1 Qf6 18. e4 Nb4 19. Nf3 Qe7 20. a3 Bxc4 21.
Rxc4 Nc6 22. Bxg7 Rfd8 23. Bb2 b5 24. Rcc1 Bb6 25. b4 e5 26. Rd5 f6 27. Qa2 Qf7
28. Qb1 a6 29. Rcd1 Nf8 30. Bh3 Rb8 31. Qc2 Ne7 32. Rxd8 Rxd8 33. Rxd8 Bxd8 34.
Bc1 Qe8 35. Be3 Qc6 36. Qxc6 Nxc6 37. Bc8 Nb8 38. Nd2 a5 39. Nb3 axb4 40. axb4
Be7 41. Bc5 Kf7 42. Bb7 Nfd7 43. Kg2 Ke8 44. Kf3 Kd8 45. Kg4 Nxc5 46. bxc5 Kc7
47. Bd5 Na6 48. c6 Nb8 49. Kf5 Nxc6 50. Bxc6 Kxc6 51. Ke6 Bd8 52. f4 exf4 53.
gxf4 Bc7 54. e5 fxe5 55. fxe5 b4 56. h4 h5 57. Kf5 Kd5 58. e6 Bd8 59. Kg6 Kxe6
60. Kxh5 Kd5 61. Kg4 Kc4 1/2-1/2

[Event "BPB Limburg open B"]
[Site "Maastricht"]
[Date "2014.06.08"]
[Round "4"]
[White "Yildiz, Kemal"]
[Black "Ramaekers, Philippe"]
[Result "0-1"]
[WhiteElo "1938"]
[BlackElo "1893"]
[PlyCount "50"]
[EventDate "2014.06.06"]
[EventType "swiss"]
[EventRounds "7"]
[EventCountry "NED"]
[Source "P.Boonen"]
[SourceDate "2014.10.10"]

1. d4 f5 2. Nf3 Nf6 3. g3 g6 4. Bg2 Bg7 5. c4 O-O 6. O-O d6 7. Nc3 Nc6 8. b3 e5
9. d5 Ne7 10. Bb2 e4 11. Nd4 Ng4 12. e3 a6 13. Ne6 Bxe6 14. dxe6 c6 15. Bxe4
Nxh2 16. Kxh2 fxe4 17. Qd2 Qa5 18. Rh1 Rf3 19. Kg2 Raf8 20. Raf1 Qf5 21. Rh4
Rxg3+ 22. Kxg3 Qg5+ 23. Kh2 Qxh4+ 24. Kg1 Qg4+ 25. Kh2 Rf3 0-1

[Event "BPB Limburg open B"]
[Site "Maastricht"]
[Date "2014.06.08"]
[Round "4"]
[White "Zatyko, Ferry"]
[Black "Orbons, Richard"]
[Result "1-0"]
[WhiteElo "1776"]
[BlackElo "1758"]
[PlyCount "51"]
[EventDate "2014.06.06"]
[EventType "swiss"]
[EventRounds "7"]
[EventCountry "NED"]
[Source "P.Boonen"]
[SourceDate "2014.10.10"]

1. e4 g6 2. d4 Bg7 3. Nf3 d6 4. Bc4 c6 5. O-O Nf6 6. Bd3 O-O 7. c4 e5 8. dxe5
dxe5 9. Qc2 Qc7 10. h3 Na6 11. Nc3 Nc5 12. Be3 Nxd3 13. Qxd3 Be6 14. b3 Rad8
15. Qc2 h6 16. Rad1 b6 17. Rxd8 Rxd8 18. Rd1 Nh5 19. Rd2 f5 20. Qd1 Rxd2 21.
Bxd2 f4 22. Bc1 Bf6 23. Bb2 g5 24. Nxg5 hxg5 25. Qxh5 Qg7 26. Qe8+ 1-0

[Event "BPB Limburg open B"]
[Site "Maastricht"]
[Date "2014.06.08"]
[Round "5"]
[White "Auwens, Michiel"]
[Black "Kuciapa, Andre"]
[Result "1-0"]
[WhiteElo "1881"]
[BlackElo "1778"]
[PlyCount "63"]
[EventDate "2014.06.06"]
[EventType "swiss"]
[EventRounds "7"]
[EventCountry "NED"]
[Source "P.Boonen"]
[SourceDate "2014.10.10"]

1. e4 c5 2. d4 cxd4 3. c3 Nc6 4. cxd4 d5 5. e5 Bf5 6. Nc3 e6 7. Be3 f6 8. f4
fxe5 9. fxe5 Bb4 10. Nf3 Nge7 11. Bd3 O-O 12. O-O Bxd3 13. Qxd3 Nf5 14. Bf2 Be7
15. Ne2 Rc8 16. Nf4 Qd7 17. h3 Nfxd4 18. Bxd4 Rxf4 19. Be3 Nb4 20. Qb3 Bc5 21.
Bxc5 Rxc5 22. Ng5 Rcc4 23. g3 Rxf1+ 24. Rxf1 Qe7 25. Nf7 Qc5+ 26. Kh1 Rc1 27.
Qf3 Rxf1+ 28. Qxf1 Qe7 29. Nd6 Nc6 30. Qf4 b6 31. Kg2 Nd8 32. Qa4 {.....} 1-0

[Event "BPB Limburg open B"]
[Site "Maastricht"]
[Date "2014.06.08"]
[Round "5"]
[White "Behr, Rene"]
[Black "Yildiz, Kemal"]
[Result "1-0"]
[WhiteElo "1867"]
[BlackElo "1938"]
[PlyCount "81"]
[EventDate "2014.06.06"]
[EventType "swiss"]
[EventRounds "7"]
[EventCountry "NED"]
[Source "P.Boonen"]
[SourceDate "2014.10.10"]

1. c4 c5 2. g3 Nf6 3. Bg2 g6 4. Nc3 Bg7 5. d3 Nc6 6. e4 d6 7. Nge2 a6 8. O-O
O-O 9. h3 Bd7 10. Be3 Rb8 11. Qd2 b5 12. Rab1 bxc4 13. dxc4 Qc8 14. Kh2 Ne5 15.
b3 Bc6 16. f4 Ned7 17. Nd5 Bxd5 18. exd5 Rb4 19. Qd3 Qc7 20. Rfe1 Rfb8 21. Nc3
R4b7 22. Bd2 Nb6 23. Re3 Nc8 24. Rbe1 Nd7 25. Ne4 a5 26. Bc3 a4 27. Bxg7 Kxg7
28. Qc3+ Kg8 29. Ng5 Nf6 30. Rxe7 Nxe7 31. Qxf6 Nf5 32. g4 Ng7 33. Ne4 Ne8 34.
Qh4 Qd8 35. g5 h5 36. f5 axb3 37. axb3 Rxb3 38. Nf6+ Nxf6 39. gxf6 R8b7 40.
fxg6 fxg6 41. f7+ 1-0

[Event "BPB Limburg open B"]
[Site "Maastricht"]
[Date "2014.06.08"]
[Round "5"]
[White "Bhattacharjee, Sourav"]
[Black "Slijper, Thomas"]
[Result "1/2-1/2"]
[WhiteElo "1934"]
[BlackElo "1861"]
[PlyCount "87"]
[EventDate "2014.06.06"]
[EventType "swiss"]
[EventRounds "7"]
[EventCountry "NED"]
[Source "P.Boonen"]
[SourceDate "2014.10.10"]

1. e4 c6 2. d4 d5 3. Nd2 dxe4 4. Nxe4 Bf5 5. Ng3 Bg6 6. h4 h6 7. h5 Bh7 8. Nf3
Nd7 9. Bd3 Bxd3 10. Qxd3 e6 11. Bd2 Ngf6 12. O-O-O Be7 13. Qe2 O-O 14. Nf1 Qc7
15. g4 Nh7 16. Ne5 c5 17. Ng6 Rfe8 18. Nxe7+ Rxe7 19. d5 Ree8 20. d6 Qxd6 21.
Rg1 Qe7 22. g5 hxg5 23. f4 f6 24. fxg5 Nxg5 25. Bxg5 fxg5 26. Qd2 Ne5 27. Qxg5
Nf3 28. Qxe7 Rxe7 29. Rg6 Rf8 30. h6 Rf6 31. Rd8+ Kh7 32. Rxg7+ Rxg7 33. hxg7
Kxg7 34. Ra8 Nd4 35. Ne3 Nc6 36. Rc8 Rf8 37. Rc7+ Rf7 38. Rc8 Rd7 39. Re8 Kf7
40. Rh8 Kf6 41. c3 e5 42. Kc2 Kg5 43. Rf8 Kg6 44. Rg8+ 1/2-1/2

[Event "BPB Limburg open B"]
[Site "Maastricht"]
[Date "2014.06.08"]
[Round "5"]
[White "Bondarchuk, Vadim"]
[Black "Esser, Thomas"]
[Result "0-1"]
[WhiteElo "2039"]
[BlackElo "1983"]
[PlyCount "92"]
[EventDate "2014.06.06"]
[EventType "swiss"]
[EventRounds "7"]
[EventCountry "NED"]
[Source "P.Boonen"]
[SourceDate "2014.10.10"]

1. e4 e5 2. Nf3 Nf6 3. Bc4 Nxe4 4. Nxe5 Qe7 5. O-O Qxe5 6. d4 Qf5 7. Qe2 Be7 8.
Bd3 d5 9. f3 Ng3 10. hxg3 Qe6 11. Qf2 O-O 12. Re1 Qd7 13. c3 c6 14. Qc2 g6 15.
Bh6 Rd8 16. Nd2 Bf6 17. Kf2 Qd6 18. Bf4 Qf8 19. Rh1 Be6 20. Rh2 Nd7 21. Bh6 Bg7
22. Rah1 Nf6 23. Bg5 h5 24. Nf1 Rd7 25. g4 hxg4 26. Bxg6 Ne4+ 27. Bxe4 dxe4 28.
fxe4 f5 29. e5 c5 30. Be3 cxd4 31. Bxd4 Rc8 32. Qb1 Rxd4 33. cxd4 Qb4 34. Ke3
Rc3+ 35. bxc3 Qxb1 36. Ng3 Qc2 37. Ne2 Bc4 38. g3 Qd3+ 39. Kf4 Qf3+ 40. Kg5
Bxe2 41. Re1 Bc4 42. e6 Qc6 43. Kxf5 Qf3+ 44. Kg5 Qf6+ 45. Kxg4 Bxe6+ 46. Kh5
Qh6# 0-1

[Event "BPB Limburg open B"]
[Site "Maastricht"]
[Date "2014.06.08"]
[Round "5"]
[White "Boom, Harrie"]
[Black "Coenen, Bert"]
[Result "1/2-1/2"]
[WhiteElo "1765"]
[BlackElo "1852"]
[PlyCount "109"]
[EventDate "2014.06.06"]
[EventType "swiss"]
[EventRounds "7"]
[EventCountry "NED"]
[Source "P.Boonen"]
[SourceDate "2014.10.10"]

1. e4 d6 2. d4 Nf6 3. Nc3 e5 4. Nf3 Nbd7 5. Be2 Be7 6. O-O O-O 7. h3 c6 8. Be3
Re8 9. dxe5 dxe5 10. Bd3 Qc7 11. Qe2 Nc5 12. Nd2 Nxd3 13. Qxd3 Be6 14. Qe2 Rad8
15. Rfd1 b5 16. a3 Rd7 17. f3 Nh5 18. Qf2 Nf4 19. Kh2 Qd8 20. Nf1 Bh4 21. Rxd7
Bxd7 22. Qd2 Ne6 23. Rd1 Re7 24. Bxa7 Qc7 25. Bf2 Bf6 26. Ng3 Nd4 27. Kg1 Bxh3
28. Nf5 Bxf5 29. exf5 Rd7 30. Bxd4 exd4 31. Ne4 Be5 32. f6 Bf4 33. Qe2 Be3+ 34.
Kh1 Rd5 35. g3 Rh5+ 36. Kg2 Qd7 37. g4 Rh6 38. fxg7 Kxg7 39. Rh1 Rxh1 40. Kxh1
Qe6 41. Qh2 Qh6 42. Qxh6+ Kxh6 43. b3 Kg6 44. Kg2 f5 45. gxf5+ Kxf5 46. a4 bxa4
47. bxa4 Ke6 48. a5 Kd7 49. Nf6+ Kc8 50. Nxh7 Kb7 51. Nf6 Ka6 52. Kf1 Kxa5 53.
Ke2 Kb5 54. c3 Kc4 55. cxd4 1/2-1/2

[Event "BPB Limburg open B"]
[Site "Maastricht"]
[Date "2014.06.08"]
[Round "5"]
[White "Broekmeulen, Joris"]
[Black "Van Hoorn, Frank"]
[Result "1-0"]
[WhiteElo "2035"]
[BlackElo "1665"]
[PlyCount "53"]
[EventDate "2014.06.06"]
[EventType "swiss"]
[EventRounds "7"]
[EventCountry "NED"]
[Source "P.Boonen"]
[SourceDate "2014.10.10"]

1. c4 Nf6 2. Nc3 g6 3. Nf3 Bg7 4. g3 O-O 5. Bg2 d6 6. O-O e5 7. d3 Nc6 8. Rb1
a5 9. a3 Bd7 10. b4 axb4 11. axb4 Qc8 12. Re1 Ne8 13. Nd5 Kh8 14. b5 Nd4 15.
Nxd4 exd4 16. Bb2 Bh3 17. Bh1 f5 18. Nf4 Bg4 19. h4 Be5 20. Qd2 Ng7 21. Ra1
Rxa1 22. Rxa1 Nh5 23. Nxg6+ Kg7 24. Nxf8 Nxg3 25. Qg5+ Kxf8 26. fxg3 Bxg3 27.
Bd5 1-0

[Event "BPB Limburg open B"]
[Site "Maastricht"]
[Date "2014.06.08"]
[Round "5"]
[White "Cebula, Jerzy"]
[Black "Bettman, Jan"]
[Result "0-1"]
[WhiteElo "1998"]
[BlackElo "1842"]
[PlyCount "76"]
[EventDate "2014.06.06"]
[EventType "swiss"]
[EventRounds "7"]
[EventCountry "NED"]
[Source "P.Boonen"]
[SourceDate "2014.10.10"]

1. e4 e5 2. Nf3 d5 3. Nxe5 dxe4 4. d4 Nd7 5. Nc4 f5 6. Nc3 Ngf6 7. Be2 Be7 8.
Ne5 Nxe5 9. dxe5 Qxd1+ 10. Bxd1 Nd7 11. Nd5 Bd8 12. e6 Nf6 13. e7 Nxd5 14.
exd8=Q+ Kxd8 15. O-O Re8 16. Bh5 Re5 17. c4 Nf6 18. Bf4 Re7 19. Be2 Be6 20. b3
Ke8 21. f3 e3 22. Rfe1 Rd8 23. Bxe3 Kf7 24. Rad1 Rxd1 25. Bxd1 b6 26. Bc2 c5
27. Kf2 Rd7 28. Ke2 a5 29. Bd3 h6 30. h3 g5 31. g4 fxg4 32. fxg4 Nxg4 33. hxg4
Bxg4+ 34. Kd2 Bf5 35. Rf1 Rxd3+ 36. Ke2 Kg6 37. Rg1 Rc3 38. Rd1 Bg4+ 0-1

[Event "BPB Limburg open B"]
[Site "Maastricht"]
[Date "2014.06.08"]
[Round "5"]
[White "Coenen, Siegfried"]
[Black "Loose, Rob"]
[Result "1-0"]
[WhiteElo "1992"]
[BlackElo "1909"]
[PlyCount "51"]
[EventDate "2014.06.06"]
[EventType "swiss"]
[EventRounds "7"]
[EventCountry "NED"]
[Source "P.Boonen"]
[SourceDate "2014.10.10"]

1. e4 e5 2. Nc3 Nf6 3. f4 d5 4. fxe5 Nxe4 5. Nf3 Be7 6. d3 Nc5 7. Be2 O-O 8.
O-O Ne6 9. Qe1 c5 10. Qg3 Nc6 11. Kh1 f6 12. exf6 Bxf6 13. Bd2 Ne7 14. Rae1 g6
15. Ne5 Bg7 16. Rxf8+ Nxf8 17. Bg5 Be6 18. Bg4 Bxg4 19. Nxg4 Nf5 20. Qf4 Qa5
21. Bf6 d4 22. Bxg7 Kxg7 23. Qe5+ Kg8 24. Nd5 Nd7 25. Ne7+ Nxe7 26. Nh6+ 1-0

[Event "BPB Limburg open B"]
[Site "Maastricht"]
[Date "2014.06.08"]
[Round "5"]
[White "Cornelius, Jorg"]
[Black "Saizew, Valeri"]
[Result "1-0"]
[WhiteElo "2039"]
[BlackElo "1951"]
[PlyCount "103"]
[EventDate "2014.06.06"]
[EventType "swiss"]
[EventRounds "7"]
[EventCountry "NED"]
[Source "P.Boonen"]
[SourceDate "2014.10.10"]

1. e4 e5 2. Nf3 Nc6 3. Bb5 Nf6 4. d3 Bc5 5. c3 d6 6. O-O O-O 7. Nbd2 a6 8. Ba4
b5 9. Bc2 Bg4 10. h3 Bh5 11. Re1 d5 12. Qe2 Re8 13. Nf1 d4 14. g4 Bg6 15. Ng3
h5 16. g5 Nh7 17. Nf5 Qd7 18. N3h4 Ne7 19. Qf3 Nc6 20. a3 a5 21. Bb3 Kh8 22.
Nxg6+ fxg6 23. Nh4 Ne7 24. Qf7 Qxh3 25. Qxe7 Qxh4 26. Qxc5 Rf8 27. Re2 Qg4+ 28.
Kf1 Qf3 29. Ke1 Qh1+ 30. Kd2 Nxg5 31. Kc2 Qf1 32. Bxg5 Qxe2+ 33. Bd2 Rxf2 34.
Rd1 dxc3 35. bxc3 Rf3 36. Qxb5 c6 37. Qxc6 Qxd3+ 38. Kc1 Rd8 39. Qxg6 Rh3 40.
Qe6 Rh4 41. Qxe5 Qxe4 42. Qxa5 Rb8 43. Qd5 Qxd5 44. Bxd5 Ra4 45. Bf7 Rxa3 46.
Bxh5 Ra1+ 47. Kc2 Ra2+ 48. Kd3 Rd8+ 49. Ke2 Rd5 50. Bf7 Re5+ 51. Kd3 g6 52.
Bxa2 1-0

[Event "BPB Limburg open B"]
[Site "Maastricht"]
[Date "2014.06.08"]
[Round "5"]
[White "Cromsight, Jeroen"]
[Black "Broekhuis, Jan"]
[Result "1/2-1/2"]
[WhiteElo "1939"]
[BlackElo "1842"]
[PlyCount "101"]
[EventDate "2014.06.06"]
[EventType "swiss"]
[EventRounds "7"]
[EventCountry "NED"]
[Source "P.Boonen"]
[SourceDate "2014.10.10"]

1. e4 e6 2. Nf3 d5 3. Nc3 Nf6 4. e5 Nfd7 5. d4 a6 6. Bd3 Be7 7. Be3 c5 8. dxc5
Nc6 9. O-O Ndxe5 10. Nxe5 Nxe5 11. Bd4 Nxd3 12. cxd3 O-O 13. Na4 f6 14. f4 Qc7
15. b4 Bd7 16. Nb6 Rae8 17. Qb3 Bd8 18. a4 Re7 19. f5 Kh8 20. b5 Ree8 21. Rae1
axb5 22. axb5 exf5 23. Nxd5 Qc8 24. Rxe8 Bxe8 25. Qb4 Kg8 26. Re1 Qd7 27. Nb6
Qxb5 28. Qc4+ Kh8 29. Qc3 Bxb6 30. cxb6 Bc6 31. Qc5 Rd8 32. Qxb5 Bxb5 33. Be3
Bxd3 34. Rd1 h5 35. h4 Kg8 36. Kf2 Rd7 37. g3 Kf7 38. Bf4 Ke6 39. Ke3 Be4 40.
Rxd7 Kxd7 41. Kf2 Ke6 42. Bc7 g5 43. Bb8 f4 44. gxf4 gxh4 45. Kg1 Kf5 46. Kh2
Kg4 47. Bc7 f5 48. Be5 h3 49. Bc7 Bg2 50. Bd6 Kf3 51. Bc7 1/2-1/2

[Event "BPB Limburg open B"]
[Site "Maastricht"]
[Date "2014.06.08"]
[Round "5"]
[White "De Feijter, Bas"]
[Black "Negues, Feyyaz"]
[Result "1/2-1/2"]
[WhiteElo "1894"]
[BlackElo "1983"]
[PlyCount "73"]
[EventDate "2014.06.06"]
[EventType "swiss"]
[EventRounds "7"]
[EventCountry "NED"]
[Source "P.Boonen"]
[SourceDate "2014.10.10"]

1. e4 c5 2. Nf3 d6 3. d4 cxd4 4. Nxd4 Nf6 5. Nc3 a6 6. Be2 e6 7. Be3 Qc7 8. a4
b6 9. f4 Bb7 10. Bf3 Nc6 11. Nb3 Be7 12. O-O O-O 13. Qe2 Rac8 14. g4 Nd7 15. g5
Kh8 16. Bg2 Rfd8 17. Rf3 Nb4 18. Rh3 g6 19. Qf2 h5 20. Qd2 Kg8 21. Rd1 Nc5 22.
Qf2 d5 23. exd5 exd5 24. Nd4 Ne4 25. Bxe4 dxe4 26. f5 Bc5 27. Rh4 Qe5 28. Rf4
Rd7 29. Rd2 Rcd8 30. Nb3 Rxd2 31. Nxd2 Rxd2 32. Qxd2 Qxf4 33. Qd8+ Kg7 34. Qf6+
Kg8 35. Qd8+ Kg7 36. Qf6+ Kg8 37. Qd8+ 1/2-1/2

[Event "BPB Limburg open B"]
[Site "Maastricht"]
[Date "2014.06.08"]
[Round "5"]
[White "De Mey, Juan Pablo"]
[Black "Plug, Arjan"]
[Result "1-0"]
[WhiteElo "1946"]
[BlackElo "1893"]
[PlyCount "55"]
[EventDate "2014.06.06"]
[EventType "swiss"]
[EventRounds "7"]
[EventCountry "NED"]
[Source "P.Boonen"]
[SourceDate "2014.10.10"]

1. d4 Nf6 2. c4 Nc6 3. Nc3 e5 4. d5 Ne7 5. a3 Ng6 6. e4 Bc5 7. Be3 Bxe3 8. fxe3
d6 9. Be2 O-O 10. Nf3 Ng4 11. Qd2 f5 12. h3 fxe4 13. Nxe4 Nf6 14. Nxf6+ Rxf6
15. O-O b6 16. b4 Qe7 17. Qc3 Bf5 18. g4 Bd7 19. c5 bxc5 20. bxc5 dxc5 21. Rac1
c6 22. Qxc5 Qxc5 23. Rxc5 cxd5 24. Rxd5 Bc6 25. Rc5 Re8 26. Ng5 Ref8 27. Bc4+
Kh8 28. Nf7+ 1-0